000 00491cam a2200193ua 4500
001 11380
008 190917n xxk |||gr||||Z||||||eng
020 _a9781137612021
040 _cMAIN
082 _a828
100 _aJenni Ramone,
_eAuthor.
245 _aPostcolonial Theories
_cBy Jenni Ramone
250 _a1st ed.
260 _aLondon:
_bPalgravw Macmillan,
_c2011.
300 _a228p.
653 _aEnglish miscellaneous writings
653 _aPostcolonial theories
942 _cBK
999 _c10222
_d10222